| 000 -LEADER |
| fixed length control field |
00878nam a22002537a 4500 |
| 003 - CONTROL NUMBER IDENTIFIER |
| control field |
OSt |
| 005 - DATE AND TIME OF LATEST TRANSACTION |
| control field |
20181018070403.0 |
| 008 - FIXED-LENGTH DATA ELEMENTS--GENERAL INFORMATION |
| fixed length control field |
180320b xxu||||| |||| 00| 0 spa d |
| 020 ## - INTERNATIONAL STANDARD BOOK NUMBER |
| International Standard Book Number |
9502007069 |
| 040 ## - CATALOGING SOURCE |
| Transcribing agency |
PJ |
| 100 ## - ASIENTO PRINCIPAL - NOMBRE DE PERSONA |
| 9 (RLIN) |
1899 |
| Personal name |
Borda, Alejandro |
| 245 13 - MENCIÓN DE TÍTULO |
| Título propiamente dicho |
La teoría de los actos propios / |
| Mención de responsabilidad, etc |
Alejandro Borda; prólogo de la doctora María Josefa Méndez Costa. |
| 250 ## - EDITION STATEMENT |
| Edition statement |
2a. ed. amp. y act. |
| 260 ## - PUBLICATION, DISTRIBUTION, ETC. (IMPRINT) |
| Place of publication, distribution, etc |
Buenos Aires : |
| Name of publisher, distributor, etc |
Abeledo-Perrot, |
| Date of publication, distribution, etc |
1993. |
| 300 ## - DESCRIPCION FISICA |
| Extent |
158 p. |
| Dimensions |
20 cm. |
| 500 ## - NOTA GENERAL |
| General note |
Notas y citas a pie de página. |
| 500 ## - NOTA GENERAL |
| General note |
Premio Jorge Joaquín Llambías. |
| 504 ## - NOTA DE BIBLIOGRAFÍA, ETC. |
| Bibliography, etc |
Bibliografía: p. 143-154. |
| 650 #0 - ASIENTO SECUNDARIO DE MATERIA - TERMINO TEMATICO |
| 9 (RLIN) |
1148 |
| Topical term or geographic name as entry element |
DERECHO PROCESAL CIVIL |
| 650 #0 - ASIENTO SECUNDARIO DE MATERIA - TERMINO TEMATICO |
| 9 (RLIN) |
2120 |
| Topical term or geographic name as entry element |
PRINCIPIOS PROCESALES |
| 650 #0 - ASIENTO SECUNDARIO DE MATERIA - TERMINO TEMATICO |
| 9 (RLIN) |
2532 |
| Topical term or geographic name as entry element |
DOCTRINA DE LOS ACTOS PROPIOS |
| 700 ## - ADDED ENTRY--PERSONAL NAME |
| 9 (RLIN) |
959 |
| Personal name |
Méndez Costa, María Josefa. |
| Relator term |
prologuista |
| 942 ## - ADDED ENTRY ELEMENTS (KOHA) |
| Source of classification or shelving scheme |
|
| Koha item type |
Libros |
| Classification part |
347.91/.95 |
| Item part |
BOR |